Name all the London Bus Garages Quiz Stats

Quiz not verified by Sporcle

Challenge
Share
Tweet
Embed
Score 0/74 Timer 17:00
2 Plays Today
% Correct
Croydon
80.7%
Tottenham
80%
Hounslow
79.3%
Brixton
78.5%
Uxbridge
78.5%
Barking
77.8%
Wood Green
77%
New Cross
77%
Stockwell
77%
Harrow
77%
Putney
76.3%
Holloway
75.6%
West Ham
74.8%
Enfield
74.1%
Camberwell
74.1%
Peckham
74.1%
Edgware
74.1%
Kings Cross
74.1%
Willesden
74.1%
Bow
74.1%
Westbourne Park
74.1%
Fulwell
73.3%
Perivale
73.3%
Potters Bar
73.3%
Ash Grove
72.6%
Norwood
72.6%
Bexleyheath
72.6%
Shepherds Bush
72.6%
Stamford Hill
71.1%
Twickenham
71.1%
Leyton
71.1%
Palmers Green
70.4%
Greenford
70.4%
Hayes
69.6%
Northumberland Park
69.6%
Alperton
69.6%
Stamford Brook
68.9%
% Correct
Edmonton
68.1%
Heathrow
68.1%
Sutton
68.1%
Hounslow Heath
68.1%
Bromley
68.1%
Catford
68.1%
Lea Interchange
68.1%
Clapton
66.7%
Harrow Weald
65.9%
Waterloo
65.2%
South Croydon
64.4%
Watford
64.4%
Merton
64.4%
Brentford
64.4%
Mandela Way
63.7%
Thornton Heath
63%
Beddington
62.2%
Cricklwood
62.2%
West Perivale
62.2%
Park Royal
60.7%
Tolworth
60.7%
Romford North Street
60.7%
Battersa
60%
River Road
60%
Walworth
57.8%
Epsom
57.8%
South Mimms
57.8%
Hatfield
57.8%
Dartford
56.3%
Brixton Tram Depot
55.6%
Grays
53.3%
Plumstead
52.6%
Altas Road
52.6%
Silvertown
50.4%
Orpington
48.1%
Belvedere
47.4%
Plough Lane
40.7%

You're not logged in!

Compare scores with friends on all Sporcle quizzes.
Join for Free
OR
Log In

You Might Also Like...

Show Comments

Extras

Top Quizzes Today


Score Distribution

Your Account Isn't Verified!

In order to create a playlist on Sporcle, you need to verify the email address you used during registration. Go to your Sporcle Settings to finish the process.

Report this User

Report this user for behavior that violates our Community Guidelines.

Details: